00316 a2200121 450000500170000002000190001708200160003610000140005224500470006626000460011330000160015970000190017520250629141122.0 a97818800242050 a823.914 TUR aTURNEY, S aMasters od Rome: Rise of Emperors Book two aUnited KingdomsbHead of Zeus Ltdc20121. a403p.c19cm aGordon Doherty